| 000 | 00562nam a2200205Ia 4500 | ||
|---|---|---|---|
| 001 | 15046 | ||
| 003 | GE_BSU | ||
| 008 | 181216s||||||||xx |||||||||||||| ||und|| | ||
| 040 | _cGE_BSU | ||
| 080 | _a517.98 | ||
| 100 | _aВулих,Ю.З. | ||
| 245 | _aВведение в функциональный анализ | ||
| 250 | _a2-е изд.перер. и доп. | ||
| 260 | _aМосква | ||
| 260 | _bНаука | ||
| 260 | _c1967 | ||
| 300 | _a415стр.22см. | ||
| 653 | _aВведение в функциональный анализ | ||
| 942 | _cBK | ||
| 999 |
_c48164 _d48164 |
||